| 000 | 00807na a2200241 4500 | ||
|---|---|---|---|
| 001 | 16584 | ||
| 003 | MIRAKIL | ||
| 005 | 20181213154840.0 | ||
| 008 | 161011b tu 000 0 | ||
| 035 | _a16584 | ||
| 040 |
_aMilas _btur _cTR-AnCHP |
||
| 041 | _atur | ||
| 082 |
_a351.84 _bÇ25 2013 |
||
| 090 | _a351.84 Ç25 2013 | ||
| 245 |
_aÇankaya'da neler değişti... _cyay. haz. Çankaya Belediyesi Basın Yayın ve Halkla İlişkiler Müdürlüğü |
||
| 246 | _aÇankayada neler değişti | ||
| 260 |
_aAnkara _b[Basın Yayın ve Halkla İlişkiler Müdürlüğü] _c2013 |
||
| 300 |
_a56 s. _bfotg. _c20x20 sm. |
||
| 650 |
_aYerel yönetimler _xÇankaya Belediyesi _ySosyal hizmetler |
||
| 651 |
_aÇankaya (Ankara) _xKılavuzlar |
||
| 657 | _aÇankaya Belediyesi hizmetleri | ||
| 942 |
_2dcc _cBKS |
||
| 999 |
_c1949 _d1949 |
||